The Japanese House Songs - Statistics

General Stats
  • This quiz has been taken 2 times
  • The average score is 11 of 45
Answer Stats
Hint Answer % Correct
In the End It Always Does Boyhood
100%
In the End It Always Does Friends
100%
Good at Falling Lilo
100%
In the End It Always Does Sunshine Baby
100%
In the End It Always Does Touching Yourself
100%
EP's Cool Blue
50%
EP's Dionne
50%
Good at Falling f a r a w a y
50%
Good at Falling Follow My Girl
50%
Good at Falling I saw you in a dream
50%
In the End It Always Does Sad to Breathe
50%
EP's Saw You in a Dream
50%
EP's Something Has to Change
50%
Good at Falling We Talk all the Time
50%
Good at Falling Wild
50%
Good at Falling Worms
50%
Good at Falling You Seemed so Happy
50%
EP's 3/3
0%
In the End It Always Does Baby goes again
0%
EP's Chewing Cotton Wool
0%
EP's Clean
0%
EP's Count to Nine
0%
Good at Falling Everybody Hates Me
0%
EP's Face Like Thunder
0%
EP's Good side in
0%
In the End It Always Does Indexical reminder of a morning well spent
0%
EP's Leon
0%
EP's Letter by the Water
0%
Good at Falling Marika is Sleeping
0%
Good at Falling Maybe You're the Reason
0%
In the End It Always Does Morning Pages
0%
In the End It Always Does One for sorrow, two for Joni Jones
0%
In the End It Always Does Over There
0%
EP's Pools to Bathe In
0%
EP's Sharing Beds
0%
EP's Sister
0%
EP's Somebody you Found
0%
Good at Falling somethingfartoogoodtofeel
0%
In the End It Always Does Spot Dog
0%
EP's Still
0%
EP's Sugar Pill
0%
EP's Swin Against the Tide
0%
EP's Teeth
0%
Good at Falling went to meet her (intro)
0%
In the End It Always Does You always get what you want
0%
No matching quizzes found
Score Distribution
Percent of People with Each Score
Percentile by Number Answered
Your Score History
You have not taken this quiz